| 000 | 00614nam a2200241 a 4500 | ||
|---|---|---|---|
| 001 | nice12345678 | ||
| 003 | IN_TiNIC | ||
| 005 | 20260116012807.0 | ||
| 008 | 050524s1980 gena grp 000 0 eng | ||
| 020 |
_a2825451 _c100 |
||
| 082 | 0 | 0 |
_a261.7 _bBEN |
| 100 | _aBent, Ans J Van | ||
| 245 |
_aChristians and Communists _b an Ecumenical Perspective |
||
| 260 |
_aGeneva _bWCC _c1980 |
||
| 300 | _a80p | ||
| 500 | _aincludes index and biblioraphy | ||
| 505 | 2 | _aRoman Urdu | |
| 650 | _aChristianity and Communism | ||
| 700 | 1 | _aBent, Ans J Van | |
| 902 | _bSRS | ||
| 942 | _cBK | ||
| 999 |
_c8392 _d8392 |
||